| 000 | 01211cab a2200217 4500 | ||
|---|---|---|---|
| 001 | ##L132445 | ||
| 008 | 060209n2006 000 0 eng u | ||
| 035 | _a(Sirsi) u132445 | ||
| 041 | 0 | _aeng | |
| 100 | 1 | _aWaritay, Samuel | |
| 245 | 0 | 2 | _aA decent home for all? |
| 260 | _c2006 | ||
| 490 | 0 |
_aNew Law Journal _v156(7210) 3 February 2006, 186-187(2) |
|
| 520 | _aExamines the underlying principles of the Housing Health and Safety Rating System (HHSRS) regulations which come into force on 6 April 2006. The philosophy behind HHSRS is that residential premises should provide a safe and healthy environment for occupiers and visitors, and that the design, construction and maintenance of such premises should be free from unnecessary and avoidable hazards. Considers the inspection regime, hazard assessment and scoring, and the four classes of harm most likely to be encountered by an occupier. | ||
| 590 | _aIKA140206 | ||
| 650 | 2 | 4 | _aHOUSING ACT 2004 |
| 650 | 2 | 4 | _aHOUSING HEALTH AND SAFETY RATING SYSTEM (ENGLAND) REGULATIONS 2005 |
| 650 | _aHOUSING ACT 2004 PART I | ||
| 690 | _aPROPERTY-RESIDENTIAL PROPERTY-RESIDENTIAL LANDLORD AND TENANT-RESIDENTIAL LANDLORD AND TENANT REFORM | ||
| 942 | _n0 | ||
| 999 |
_c76445 _d76445 |
||